Statistics for 2018 World Cup Russian National Team Squad

Click here to take the quiz!

General Stats

  • This quiz has been taken 55 times
  • The average score is 9 of 24

Answer Stats

Pos Player Club % Correct
GKIgor AkinfeevCSKA Moscow
87%
DFMario FernandesCSKA Moscow
72%
FWFyodor SmolovKrasnodar
70%
MFDenis CheryshevVillareal
68%
FWArtem DzyubaArsenal Tula
68%
MFAleksandr GolovinCSKA Moscow
68%
DFSergei IgnashevichCSKA Moscow
49%
MFAlan DzagoevCSKA Moscow
45%
MFYuri ZhirkovZenit Saint Petersburg
38%
MFAleksandr SamedovSpartak Moscow
36%
CoachStanislav Cherchesov
36%
MFRoman ZobninSpartak Moscow
34%
MFAleksei MiranchukLokomotiv Moscow
30%
MFAnton MiranchukLokomotiv Moscow
28%
MFYury GazinskyKrasnodar
26%
GKVladimir GabulovClub Brugge
21%
DFIgor SmolnikovZenit Saint Petersburg
19%
DFIlya KutepovSpartak Moscow
17%
DFVladimir GranatRubin Kazan
15%
DFFyodor KudryashovRubin Kazan
15%
GKAndrey LunyovZenit Saint Petersburg
13%
DFAndrei SemyonovAkhmat Grozny
11%
MFAleksandr YerokhinZenit Saint Petersburg
11%
MFDaler KuzyayevZenit Saint Petersburg
9%

Score Distribution

Percentile by Number Answered

Percent of People with Each Score

Your Score History

You have not taken this quiz